[Event "Asia Nations online Cup"]
[Site "Chess.com INT"]
[Date "2020.10.16"]
[Round "4.9"]
[White "Wais, Ahmad"]
[Black "Markov, Mikhail2222"]
[Result "0-1"]
[WhiteElo "1770"]
[BlackElo "2365"]
[PlyCount "102"]
[EventDate "2020.10.10"]
[EventType "team-swiss (rapid)"]
[EventRounds "9"]
[EventCountry "IND"]
[SourceTitle "CBM 198 Extra"]
[Source "ChessBase"]
[SourceDate "2020.11.30"]
[SourceVersion "1"]
[SourceVersionDate "2020.11.30"]
[SourceQuality "1"]
[WhiteTeam "Afghanistan"]
[BlackTeam "Kyrgyzstan"]
[WhiteTeamCountry "AFG"]
[BlackTeamCountry "KGZ"]

1. e4 d5 2. exd5 Qxd5 3. Nc3 Qa5 4. d4 c6 5. Nf3 Nf6 6. Bd2 Qb6 7. Bc4 Bf5 8. h3 e6 9. 0-0 Nbd7 10. Re1 Bd6 11. a4 0-0 12. a5 Qc7 13. Na4 b5 14. axb6 axb6 15. Nc3 Rxa1 16. Qxa1 Bxc2 17. Rc1 Bg6 18. Bf1 Qb7 19. Qa4 b5 20. Qb3 Nb6 21. Nh4 Nbd5 22. Nxg6 hxg6 23. Bd3 Rd8 24. Bg5 Bf4 25. Bxf4 Nxf4 26. Bf1 Rxd4 27. g3 N4d5 28. Ne2 Rb4 29. Qa3 Kh7 30. g4 Qb6 31. Bg2 c5 32. Ng3 Qd6 33. g5 Nd7 34. Rc2 Qf4 35. Qa7 N5b6 36. Bc6 Rd4 37. Bxd7 Nxd7 38. Qb7 Qxg5 39. Qxb5 Qd5 40. Qe2 Ne5 41. Rc3 Rd2 42. Qe3 Rd4 43. Kh2 f6 44. f4 Rd2+ 45. Ne2 Nf3+ 46. Kg3 Ne1 47. Qf2 Nc2 48. Rxc5 Qd3+ 49. Qf3 Qxe2 50. Qxe2 Rxe2 51. Kf3 Nd4+ 0-1

[Event "Asia Nations online Cup"]
[Site "Chess.com INT"]
[Date "2020.10.10"]
[Round "1.8"]
[White "Priasmoro, Novendra"]
[Black "Wais, Ahmad"]
[Result "1-0"]
[WhiteElo "2502"]
[BlackElo "1770"]
[PlyCount "55"]
[EventDate "2020.10.10"]
[EventType "team-swiss (rapid)"]
[EventRounds "9"]
[EventCountry "IND"]
[SourceTitle "CBM 198 Extra"]
[Source "ChessBase"]
[SourceDate "2020.11.30"]
[SourceVersion "1"]
[SourceVersionDate "2020.11.30"]
[SourceQuality "1"]
[WhiteTeam "Indonesia"]
[BlackTeam "Afghanistan"]
[WhiteTeamCountry "INA"]
[BlackTeamCountry "AFG"]

1. e4 d6 2. d4 Nf6 3. Nc3 g6 4. Be3 Bg7 5. f3 c6 6. Qd2 0-0 7. 0-0-0 b5 8. h4 b4 9. Nce2 h5 10. Bh6 Qa5 11. Kb1 Na6 12. Nc1 Nc7 13. Bxg7 Kxg7 14. Nh3 Rb8 15. Nf2 Be6 16. g4 Qb6 17. gxh5 Nxh5 18. Rg1 Nb5 19. Bxb5 Qxb5 20. Rg5 Qb6 21. Rxh5 Rh8 22. Rxh8 Rxh8 23. Rh1 Rh5 24. f4 Ra5 25. f5 Bxa2+ 26. Nxa2 Qa6 27. Qd3 Rb5 28. h5 1-0